ნორმალური ფორმატი
MARC ფორმატი
ჩანაწერი Corporate Name
ჩანაწერთა რაოდენობა, რომელიც გამოყენებულია: 1
001 - CONTROL NUMBER
- control field: 11242
003 - CONTROL NUMBER IDENTIFIER
- control field: GE_BSU
005 - DATE AND TIME OF LATEST TRANSACTION
- control field: 20210412170533.0
008 - FIXED-LENGTH DATA ELEMENTS
- fixed length control field: 210412|| aca||aabn | a|a d
040 ## - CATALOGING SOURCE
- Original cataloging agency: GE_BSU
- Transcribing agency: GE_BSU
110 ## - HEADING--CORPORATE NAME
- Corporate name or jurisdiction name as entry element: ბათუმის შოთა რუსთაველის სახ-ფო უნ-ტი
670 ## - SOURCE DATA FOUND
- Source citation: Work cat.: (GE_BSU)51677: ხაჯიშვილი, მირანდა 11241, გარემოს არაერთგვაროვნებისა და სტატისტიკური მახასიათებლების გავლენა რადიოსიგნალის გავრცელებაზე /
